<?xml version="1.0" encoding="UTF-8"?>
<marc:record xmlns:marc="http://www.loc.gov/MARC21/slim">
   <marc:leader>00000nam a2200000 a 4500</marc:leader>
   <marc:datafield ind1="1" ind2=" " tag="100">
      <marc:subfield code="a">Campanella, Marco</marc:subfield>
      <marc:subfield code="4">ctb</marc:subfield>
      <marc:subfield code="e">Mitwirkende/-r</marc:subfield>
   </marc:datafield>
   <marc:datafield ind1=" " ind2=" " tag="653">
      <marc:subfield code="a">Eisbär</marc:subfield>
   </marc:datafield>
   <marc:datafield ind1=" " ind2=" " tag="653">
      <marc:subfield code="a">Softcover</marc:subfield>
   </marc:datafield>
   <marc:datafield ind1=" " ind2=" " tag="653">
      <marc:subfield code="a">Karte</marc:subfield>
   </marc:datafield>
   <marc:datafield ind1=" " ind2=" " tag="653">
      <marc:subfield code="a">Bilderbuch</marc:subfield>
   </marc:datafield>
   <marc:datafield ind1="0" ind2="0" tag="245">
      <marc:subfield code="a">Ben Postbär - mit dem Postflugzeug um die Welt</marc:subfield>
   </marc:datafield>
   <marc:datafield ind1="0" ind2="0" tag="245">
      <marc:subfield code="b">mit 8 Päckchen und Briefen</marc:subfield>
   </marc:datafield>
   <marc:datafield ind1="0" ind2="0" tag="245">
      <marc:subfield code="c">Ill. von Marco Campanella</marc:subfield>
   </marc:datafield>
   <marc:datafield ind1=" " ind2="1" tag="264">
      <marc:subfield code="a">Köln</marc:subfield>
      <marc:subfield code="b">Lingen</marc:subfield>
      <marc:subfield code="c">2006</marc:subfield>
   </marc:datafield>
   <marc:datafield ind1="1" ind2=" " tag="490">
      <marc:subfield code="a">Lingoli</marc:subfield>
   </marc:datafield>
   <marc:datafield ind1="1" ind2=" " tag="520">
      <marc:subfield code="a">Angaben aus der Verlagsmeldung

Ben Postbär mit dem Postflugzeug um die Welt Ben orso Postino

Ein Kinderbuch zum Mitmachen! In dieser munteren, liebevoll illustrierten Geschichte haben sich 8 Überraschungen versteckt. Die kindgerechten Texte fordern die kleinen Zuhörer auf, aktiv teilzunehmen. Außerdem ist noch eine Postkarte beigelegt, mit der sich liebe Grüße prima verschicken lassen.

Hier draußen, in einem winzig kleinen, aber sehr gemütlichen Posthaus, leben Ben Postbär und sein bester Freund Achilles. "Hallo! Aufstehen! Es gibt jede Menge Post auszutragen!" Einmal im Jahr bringen Ben Postbär und der kleine Achilles die Post zu ihren Freunden in alle Welt. "Komm doch mit auf diese Reise! Warten wir noch auf Achilles?" Der schläft nämlich noch in seinem kleinen Mäusebettchen ...

Ben Postbär und sein kleiner Mausefreund Achilles sind wieder unterwegs. Heute soll die Post zu Freunden in der ganzen Welt getragen werden. Gut, dass Ben Postbär ein Flugzeug hat. Damit lässt sich jeder Ort erreichen. Sieh nur, wo er überall landet! Und willst du wissen, was in den Paketen ist? Dann schau doch mal hinein!
</marc:subfield>
   </marc:datafield>
   <marc:datafield ind1=" " ind2=" " tag="020">
      <marc:subfield code="a">9783938323380</marc:subfield>
      <marc:subfield code="9">9783938323380</marc:subfield>
   </marc:datafield>
   <marc:datafield ind1=" " ind2=" " tag="020">
      <marc:subfield code="a">3938323388</marc:subfield>
      <marc:subfield code="9">3938323388</marc:subfield>
   </marc:datafield>
   <marc:datafield ind1=" " ind2=" " tag="041">
      <marc:subfield code="a">ger</marc:subfield>
   </marc:datafield>
   <marc:datafield ind1=" " ind2=" " tag="300">
      <marc:subfield code="a">20] S.</marc:subfield>
   </marc:datafield>
</marc:record>
